00371nam a22001097a 4500082003100000100004400031245009900075260003000174300001100204526003700215650000900252 a297.124bANNcL-31,ii,P-12 aAbu Zakria Yahya Bin Sharaf Al-Dimishqi aSharah Arbaeen e Navavi cAbu Zakria Yahya Bin Sharaf Al-Dimishq i, Porf. Saeed Mujtaba Saeedi aKarachi. :bDar us Salam. a240 p. a0b0c0d297_124000000000000_ANN aMCE.